[Event "Tokyo Summer op"]
[Site "Tokyo"]
[Date "2018.07.16"]
[Round "4"]
[White "Shioguchi, Tatsuya"]
[Black "Matsumoto, Yoshitaro"]
[Result "1/2-1/2"]
[WhiteElo "2062"]
[BlackElo "2036"]
[PlyCount "70"]
[EventDate "2018.07.15"]
[EventType "swiss"]
[EventRounds "6"]
[EventCountry "JPN"]
[SourceTitle "EXT 2019"]
[Source "ChessBase"]
[SourceDate "2018.10.10"]
[SourceVersion "1"]
[SourceVersionDate "2018.10.10"]
[SourceQuality "1"]

1. d4 d5 2. Nf3 Nf6 3. c4 c6 4. Qb3 dxc4 5. Qxc4 Bf5 6. g3 Nbd7 7. Bg2 Nb6 8. Qb3 Qd5 9. Nbd2 e6 10. 0-0 Ne4 11. Qxd5 cxd5 12. Nxe4 Bxe4 13. Bf4 Bxf3 14. Bxf3 Kd7 15. Rfc1 Bd6 16. Bxd6 Kxd6 17. Rc2 Rhc8 18. Rac1 Rxc2 19. Rxc2 Rc8 20. Rxc8 Nxc8 21. e3 e5 22. dxe5+ Kxe5 23. Kf1 Nd6 24. Ke2 Ne4 25. Bg4 f5 26. Bh3 g6 27. f3 Nf6 28. Kd3 Nd7 29. f4+ Kd6 30. g4 Nc5+ 31. Kd4 Ne6+ 32. Kc3 d4+ 33. Kd3 dxe3 34. Kxe3 fxg4 35. Bxg4 Nc5 1/2-1/2